| 000 | 00449nam a2200181Ia 4500 | ||
|---|---|---|---|
| 001 | 3856 | ||
| 005 | 20260306145714.0 | ||
| 008 | 260306t2009||||xx |||||||||||||| ||spa|| | ||
| 041 | _aESP | ||
| 082 |
_a303.685 _bA57 T. 1 |
||
| 100 |
_aGuevara Salas, Susana _eAUT |
||
| 245 | 0 |
_aUcayali: _banálisis de situación en población |
|
| 260 | _c2009 | ||
| 300 |
_a94 páginas : _c21 cm. |
||
| 650 | _aGEN | ||
| 654 | _aCHU | ||
| 942 |
_cLIB _dJUS _fJUS _2ddc _n |
||
| 999 |
_c3856 _d3856 |
||